000 00345nam a2200145Ia 4500
999 _c9802
_d9802
003 OSt
005 20220303104509.0
008 220112s9999||||xx |||||||||||||| ||und||
020 _a9789384007188
082 _a624.182
_bKUM
100 _aKumar, Shanti
245 0 _aDesign of steel structures
260 _bMed Tech Publishers
_c2016
942 _2ddc